[Event "SVK-chT rapid"]
[Site "Poprad"]
[Date "2025.??.??"]
[Round "5.26"]
[White "Macko, Michal"]
[Black "Solcan, Martin"]
[Result "0-1"]
[WhiteElo "2196"]
[BlackElo "2216"]
[PlyCount "78"]
[EventDate "2025.05.04"]
[EventType "team-swiss (rapid)"]
[EventRounds "7"]
[EventCountry "SVK"]
[SourceTitle "CB19_2025"]
[SourceDate "2025.05.07"]
[SourceVersion "1"]
[SourceVersionDate "2025.05.07"]
[SourceQuality "1"]

1. e4 c5 2. Nc3 Nc6 3. Bb5 Nd4 4. Nf3 Nxb5 5. Nxb5 a6 6. Nc3 e6 7. d4 cxd4 8. Qxd4 Ne7 9. Bg5 Qc7 10. 0-0-0 Nc6 11. Qd2 Bb4 12. Kb1 Na5 13. Nd5 exd5 14. Qxb4 Nc6 15. Qa3 dxe4 16. Rhe1 d5 17. Rxd5 Be6 18. Rxe4 h6 19. Bh4 g5 20. Bg3 Qe7 21. Qc3 Rg8 22. Rd6 Bxa2+ 23. Kxa2 Qxe4 24. Rd3 Nb4+ 25. Kb1 Nxd3 26. cxd3 Qc6 27. Qe5+ Qe6 28. Qc7 Qd7 29. Qe5+ Qe7 30. Qf5 Rg6 31. Ne5 Rf6 32. Qg4 Re6 33. Qa4+ Kf8 34. d4 Kg7 35. f4 gxf4 36. Bxf4 f6 37. Nf3 Rc8 38. d5 Re4 39. d6 Rxa4 0-1

[Event "SVK-chT1E 2425"]
[Site "Slovakia"]
[Date "2024.12.08"]
[Round "4.6"]
[White "Macko, Michal"]
[Black "Panko, Eduard"]
[Result "1-0"]
[WhiteElo "2120"]
[BlackElo "1962"]
[PlyCount "63"]
[EventDate "2024.11.16"]
[EventType "team-tourn"]
[EventRounds "11"]
[EventCountry "SVK"]
[SourceTitle "CB51_2024"]
[SourceDate "2024.12.18"]
[SourceVersion "1"]
[SourceVersionDate "2024.12.18"]
[SourceQuality "1"]
[WhiteTeam "Liptov Chess School II"]
[BlackTeam "Stropkov/Svidnik"]
[WhiteTeamCountry "SVK"]
[BlackTeamCountry "SVK"]

1. e4 d6 2. d4 Nf6 3. Nc3 c6 4. f4 Qa5 5. Bd3 e5 6. Nf3 Bg4 7. Be3 exf4 8. Bxf4 Qb4 9. Qd2 Bxf3 10. gxf3 Qxd4 11. 0-0-0 Nbd7 12. Kb1 Qb4 13. Be2 Ne5 14. Bxe5 dxe5 15. Qg5 Qe7 16. Nb5 Rd8 17. Rxd8+ Kxd8 18. Rd1+ Kc8 19. Nd6+ Kc7 20. Nxf7 Qxf7 21. Qxe5+ Kb6 22. Rd3 a5 23. Rb3+ Bb4 24. a3 Qxb3 25. cxb3 Bc5 26. Qg5 Bd4 27. b4 axb4 28. axb4 Ka7 29. Qxg7 Rg8 30. Qc7 Rg2 31. Qa5+ Kb8 32. Qd8+ 1-0

[Event "Piestany Slovakia op-A"]
[Site "Piestany"]
[Date "2024.07.13"]
[Round "5"]
[White "Petrek, Dominik"]
[Black "Macko, Michal"]
[Result "1/2-1/2"]
[WhiteElo "2257"]
[BlackElo "2136"]
[PlyCount "71"]
[EventDate "2024.07.09"]
[EventType "swiss"]
[EventRounds "9"]
[EventCountry "SVK"]
[SourceTitle "EXT 2025"]
[Source "ChessBase"]
[SourceDate "2024.10.14"]
[SourceVersion "1"]
[SourceVersionDate "2024.10.14"]
[SourceQuality "1"]

1. Nf3 Nf6 2. c4 e6 3. g3 d5 4. Bg2 Be7 5. 0-0 0-0 6. b3 c6 7. Bb2 Nbd7 8. d3 b6 9. cxd5 cxd5 10. Nbd2 Bb7 11. Rc1 Rc8 12. Rxc8 Qxc8 13. Qa1 Qa8 14. Rc1 Rc8 15. Ne5 Nxe5 16. Bxe5 Ne8 17. Nf3 Bf6 18. Bxf6 Nxf6 19. Ne5 Qb8 20. Rc3 Qd6 21. d4 Rc7 22. Qc1 Ne8 23. h4 f6 24. Nd3 Rxc3 25. Qxc3 Qc7 26. Qd2 Bc8 27. Nf4 Nd6 28. a4 a5 29. Qe3 Kf7 30. Qd3 Qc1+ 31. Kh2 Kg8 32. e3 Qb2 33. Kg1 Qc1+ 34. Kh2 Qb2 35. Kg1 Qc1+ 36. Kh2 1/2-1/2

[Event "SVK-chT2C 2324"]
[Site "Slovakia"]
[Date "2024.02.10"]
[Round "8.4"]
[White "Macko, Michal"]
[Black "Listiak, Juraj"]
[Result "1-0"]
[WhiteElo "2134"]
[BlackElo "1946"]
[PlyCount "69"]
[EventDate "2023.10.07"]
[EventType "team-tourn"]
[EventRounds "11"]
[EventCountry "SVK"]
[SourceTitle "EXT 2025"]
[Source "ChessBase"]
[SourceDate "2024.10.14"]
[SourceVersion "1"]
[SourceVersionDate "2024.10.14"]
[SourceQuality "1"]
[WhiteTeam "Liptov Chess School III"]
[BlackTeam "Banska Bystrica PSK"]
[WhiteTeamCountry "SVK"]
[BlackTeamCountry "SVK"]

1. e4 c6 2. d4 d5 3. e5 Bf5 4. h4 h5 5. Bd3 Bxd3 6. Qxd3 e6 7. Bg5 Qa5+ 8. Nd2 c5 9. dxc5 Bxc5 10. Ngf3 Qa6 11. c4 Nc6 12. 0-0 Nge7 13. a3 Rd8 14. b4 dxc4 15. Qb1 Bd4 16. b5 Qa4 17. bxc6 Bxa1 18. cxb7 Rb8 19. Qxa1 Qc6 20. Rc1 Nf5 21. Nxc4 Qxb7 22. Nd4 0-0 23. Nxf5 exf5 24. Nd6 Qd7 25. Qa2 Rb6 26. Qe2 Rfb8 27. Qxh5 Rb1 28. Kh2 Qe6 29. Rc5 Re1 30. Bf4 g6 31. Qg5 Ra1 32. Rc7 Rf8 33. Re7 Qb3 34. Nxf7 Rxf7 35. Re8+ 1-0

[Event "SVK-chT 2324"]
[Site "Slovakia"]
[Date "2024.01.20"]
[Round "5.6"]
[White "Macko, Michal"]
[Black "Szegi, Tamas"]
[Result "1-0"]
[WhiteElo "2117"]
[BlackElo "2178"]
[PlyCount "77"]
[EventDate "2023.11.04"]
[EventType "team-tourn"]
[EventRounds "11"]
[EventCountry "SVK"]
[SourceTitle "CBM 218 Extra"]
[Source "ChessBase"]
[SourceDate "2024.03.31"]
[SourceVersion "1"]
[SourceVersionDate "2024.03.31"]
[SourceQuality "1"]
[WhiteTeam "Liptov Chess School"]
[BlackTeam "Komarno"]
[WhiteTeamCountry "SVK"]
[BlackTeamCountry "SVK"]

1. e4 c5 2. Nc3 Nc6 3. Bb5 e6 4. Bxc6 dxc6 5. d3 Bd6 6. Be3 Qc7 7. Qd2 e5 8. h3 Be6 9. Nf3 f6 10. a3 g6 11. Na4 b6 12. b4 cxb4 13. axb4 Ne7 14. Nxb6 Rb8 15. Na4 Bxb4 16. c3 Ba5 17. Nc5 Bc8 18. 0-0 Bb6 19. Na6 Bxa6 20. Rxa6 0-0 21. Qa2+ Kg7 22. d4 h6 23. Ra1 Nc8 24. c4 Qe7 25. c5 Bd8 26. Rxc6 Qb7 27. d5 Qb4 28. Nd2 Qc3 29. Qa6 Ne7 30. Qxa7 Rf7 31. Rca6 Nc6 32. Bxh6+ Kg8 33. Rxc6 Rxa7 34. Rxa7 Qc1+ 35. Kh2 g5 36. Re6 Bc7 37. Rxc7 Qxd2 38. Rxf6 Ra8 39. Rg6+ 1-0

[Event "SVK-chT2C 2324"]
[Site "Slovakia"]
[Date "2023.11.11"]
[Round "3.3"]
[White "Macko, Michal"]
[Black "Teglas, Balazs"]
[Result "0-1"]
[WhiteElo "2134"]
[BlackElo "2189"]
[PlyCount "64"]
[EventDate "2023.10.07"]
[EventType "team-tourn"]
[EventRounds "11"]
[EventCountry "SVK"]
[SourceTitle "EXT 2025"]
[Source "ChessBase"]
[SourceDate "2024.10.14"]
[SourceVersion "1"]
[SourceVersionDate "2024.10.14"]
[SourceQuality "1"]
[WhiteTeam "Liptov Chess School III"]
[BlackTeam "Cebovce II"]
[WhiteTeamCountry "SVK"]
[BlackTeamCountry "SVK"]

1. e4 d6 2. d4 Nf6 3. Nc3 e5 4. Nf3 Nbd7 5. Bc4 Be7 6. 0-0 c6 7. Re1 0-0 8. a4 h6 9. a5 Rb8 10. h3 b5 11. axb6 axb6 12. d5 b5 13. Bf1 b4 14. Nb1 cxd5 15. exd5 Bb7 16. c4 bxc3 17. Nxc3 Ra8 18. Rxa8 Qxa8 19. Nh4 Rc8 20. Nf5 Bf8 21. Qf3 Bxd5 22. Qg3 Kh8 23. Qh4 Be6 24. Nxh6 gxh6 25. Bxh6 Nh7 26. Bd3 f5 27. g4 Bxh6 28. Qxh6 Ndf6 29. g5 Rg8 30. f4 exf4 31. h4 Qf3 32. Rxe6 Ng4 0-1

[Event "SVK-chT2C 2324"]
[Site "Slovakia"]
[Date "2023.10.08"]
[Round "2.4"]
[White "Macko, Michal"]
[Black "Bucek, Eduard"]
[Result "1-0"]
[WhiteElo "2134"]
[BlackElo "1980"]
[PlyCount "83"]
[EventDate "2023.10.07"]
[EventType "team-tourn"]
[EventRounds "11"]
[EventCountry "SVK"]
[SourceTitle "EXT 2025"]
[Source "ChessBase"]
[SourceDate "2024.10.14"]
[SourceVersion "1"]
[SourceVersionDate "2024.10.14"]
[SourceQuality "1"]
[WhiteTeam "Liptov Chess School III"]
[BlackTeam "Zilina DMS"]
[WhiteTeamCountry "SVK"]
[BlackTeamCountry "SVK"]

1. e4 e5 2. Nf3 Nc6 3. Bc4 Nf6 4. d3 Bc5 5. c3 a5 6. a4 h6 7. 0-0 d6 8. d4 exd4 9. cxd4 Bb6 10. Qb3 0-0 11. e5 dxe5 12. dxe5 Ng4 13. Bf4 Nd4 14. Nxd4 Qxd4 15. Bg3 Nxe5 16. Bd5 Ng4 17. h3 Nf6 18. Rd1 Qc5 19. Bxf7+ Kh8 20. Nc3 Bf5 21. Re1 Bc2 22. Qe6 Rad8 23. Re5 Qb4 24. Rb5 Qd4 25. Ne2 Qe4 26. Re5 Qb4 27. Rb5 Qe4 28. Nf4 Qc6 29. Qe7 Qd7 30. Qxd7 Rxd7 31. Ng6+ Bxg6 32. Bxg6 Nd5 33. Rd1 Nf6 34. Rxd7 Nxd7 35. Rf5 Nf6 36. Re5 Rd8 37. Re7 Rd2 38. b3 Rb2 39. Bxc7 Ng8 40. Rd7 Bxf2+ 41. Kh2 Bh4 42. Be5 1-0

[Event "SVK-chT 2122"]
[Site "Slovakia"]
[Date "2022.05.08"]
[Round "8.6"]
[White "Macko, Michal"]
[Black "Kopera, Michal"]
[Result "0-1"]
[WhiteElo "2157"]
[BlackElo "2148"]
[PlyCount "126"]
[EventDate "2021.10.23"]
[EventType "team-tourn"]
[EventRounds "11"]
[EventCountry "SVK"]
[SourceTitle "EXT 2023"]
[Source "ChessBase"]
[SourceDate "2022.10.05"]
[SourceVersion "1"]
[SourceVersionDate "2022.10.05"]
[SourceQuality "1"]
[WhiteTeam "Liptov Chess School"]
[BlackTeam "Zilina Mladost"]
[WhiteTeamCountry "SVK"]
[BlackTeamCountry "SVK"]

1. c4 Nf6 2. g3 d5 3. cxd5 Nxd5 4. Bg2 e5 5. Nc3 Nxc3 6. bxc3 Bc5 7. Nf3 Nc6 8. 0-0 e4 9. Ne1 Bf5 10. Qa4 0-0 11. Bxe4 Bxe4 12. Qxe4 Re8 13. Qc4 Bb6 14. d4 Na5 15. Qd3 Qd5 16. Nc2 Rad8 17. e3 Nc6 18. Nb4 Nxb4 19. cxb4 h5 20. Rd1 h4 21. Qf1 hxg3 22. hxg3 c6 23. Qg2 Qf5 24. Bd2 Qc2 25. Be1 Re6 26. a4 a6 27. a5 Ba7 28. d5 Red6 29. Rdc1 Qb2 30. dxc6 Rxc6 31. Rcb1 Qe2 32. Qe4 Rh6 33. Qxb7 Bxe3 34. Rb3 Bxf2+ 35. Bxf2 Rd1+ 36. Kg2 Qf1+ 37. Kf3 Qh1+ 38. Ke2 Re6+ 39. Re3 Rxe3+ 40. Kxe3 Qxb7 41. Rxd1 Qxb4 42. Be1 Qc4 43. Rd3 f5 44. Rd4 Qe6+ 45. Kf2 Kf7 46. Bd2 Qe5 47. Rd3 Qc5+ 48. Kf3 Qc4 49. Ke2 g5 50. Bc3 f4 51. gxf4 gxf4 52. Kd2 Qa2+ 53. Kd1 Ke6 54. Be1 Ke5 55. Rd2 Qa1+ 56. Ke2 Qxa5 57. Bf2 Qb5+ 58. Kd1 a5 59. Kc1 Ke4 60. Rc2 a4 61. Bc5 Qb3 62. Rb2 Qc3+ 63. Rc2 Qd3 0-1

[Event "SVK-chT1E 2122"]
[Site "Slovakia"]
[Date "2022.03.20"]
[Round "7.4"]
[White "Macko, Michal"]
[Black "Hanko, Pavol"]
[Result "0-1"]
[WhiteElo "2177"]
[BlackElo "2086"]
[PlyCount "50"]
[EventDate "2022.01.29"]
[EventType "team-tourn"]
[EventRounds "11"]
[EventCountry "SVK"]
[SourceTitle "EXT 2023"]
[Source "ChessBase"]
[SourceDate "2022.10.05"]
[SourceVersion "1"]
[SourceVersionDate "2022.10.05"]
[SourceQuality "1"]
[WhiteTeam "Liptov Chess School II"]
[BlackTeam "Dunajov Inbest"]
[WhiteTeamCountry "SVK"]
[BlackTeamCountry "SVK"]

1. e4 c5 2. Nc3 e6 3. Nf3 d6 4. d4 cxd4 5. Nxd4 Nf6 6. Be2 Be7 7. Be3 Nc6 8. f4 a6 9. Qd2 Qc7 10. 0-0 0-0 11. a4 Bd7 12. Nb3 b6 13. g4 d5 14. e5 Ne4 15. Nxe4 dxe4 16. c3 Na5 17. Nxa5 bxa5 18. Rfd1 Bc6 19. Bd4 Bd5 20. c4 Bb7 21. Qe3 Rfd8 22. Bb6 Qc6 23. b3 Rd3 24. Bxd3 exd3 25. Qg3 Bh4 0-1